000 01119nam a2200277Ia 4500
003 OSt
005 20221005105526.0
006 a|||||r|||| 00| 0
007 ta
008 221004b |||||||| |||| 00| 0 hin d
020 _a8126705469 (hbk)
_c295
024 _a23239
037 _b215, 16/11/2015, Eastern Book Linkers
_cTextual
040 _aCRL
_cCRL
_bhin
041 _2hin
_ahin
082 _aO152,6N41x, M4;P3
100 _aवाजपेयी, अशोक
245 0 _aकुछ पूर्वाग्रह
_b अशोक वाजपेयी की दूसरी आलोचना - पुस्तक
246 _aKuchh pūrvāgraha: ashok vājapeyī kī dūsarī ālochanā - pustaka
250 _aसंस्करण 2
260 _aनई दिल्ली
_bराजकमल प्रकाशन भारत
_c2003
300 _a207पृ0
_ccm.
650 _aहिन्दी साहित्य
942 _hO152,6N41x, M4;P3
_cTEXL
_2cc
999 _c1016081
_d1016081